000 00789nam a22001937a 4500
003 BD-DhUL
005 20180313135804.0
008 161018s1996 ii |||| |||| 000 0 ben
020 _a8172933738
040 _aBD-DhUL
_cBD-DhUL
082 _a891.443
_bMUR
100 1 _aমুখোপাধ্যায়, আশুতোষ।
245 0 _aআশুতোষ মুখোপাধ্যায় রচনাবলী :
_b৭ম খণ্ড /
_cআশুতোষ মুখোপাধ্যায়।
260 _aকলিকাতা :
_bমিত্র ও ঘোষ,
_c১৯৯৬ (১৯৯৯ মুদ্রণ)।
300 _aখ. ;
_c২২ সেমি.
650 4 _aবাংলা উপন্যাস
650 4 _aBengali fiction
942 _2ddc
_cBK
999 _c115856
_d115856